MARC details
| 000 -LEADER |
| fixed length control field |
03063cgm a22006734i 4500 |
| 001 - CONTROL NUMBER |
| control field |
sky293975796 |
| 003 - CONTROL NUMBER IDENTIFIER |
| control field |
SKY |
| 005 - DATE AND TIME OF LATEST TRANSACTION |
| control field |
20220217190155.0 |
| 007 - PHYSICAL DESCRIPTION FIXED FIELD--GENERAL INFORMATION |
| fixed length control field |
vd cvaizq |
| 008 - FIXED-LENGTH DATA ELEMENTS--GENERAL INFORMATION |
| fixed length control field |
180827t20182018vau060 vleng d |
| 010 ## - LIBRARY OF CONGRESS CONTROL NUMBER |
| LC control number |
be2018187459 |
| 020 ## - INTERNATIONAL STANDARD BOOK NUMBER |
| International Standard Book Number |
9781531707941 |
| 020 ## - INTERNATIONAL STANDARD BOOK NUMBER |
| International Standard Book Number |
1531707947 |
| 024 1# - OTHER STANDARD IDENTIFIER |
| Standard number or code |
841887039697 |
| 028 42 - PUBLISHER NUMBER |
| Publisher number |
FR61812 |
| 028 40 - PUBLISHER NUMBER |
| Publisher number |
CR3659 |
| 040 ## - CATALOGING SOURCE |
| Original cataloging agency |
EYM |
| Language of cataloging |
eng |
| Description conventions |
rda |
| Transcribing agency |
EYM |
| Modifying agency |
TEF |
| -- |
OCLCF |
| -- |
JQW |
| -- |
DAC |
| -- |
ON8 |
| -- |
OMN |
| -- |
SKYRV |
| -- |
CoBoFLC |
| 041 0# - LANGUAGE CODE |
| Language code of text/sound track or separate title |
eng |
| Language code of original and/or intermediate translations of text |
eng |
| 043 ## - GEOGRAPHIC AREA CODE |
| Geographic area code |
n-us--- |
| -- |
n-mx--- |
| 082 04 - DEWEY DECIMAL CLASSIFICATION NUMBER |
| Classification number |
304.8/73 |
| Edition number |
23 |
| 092 ## - LOCALLY ASSIGNED DEWEY CALL NUMBER (OCLC) |
| Classification number |
DVD |
| 245 00 - TITLE STATEMENT |
| Title |
Separated |
| Medium |
[videorecording] : |
| Remainder of title |
children at the border / |
| Statement of responsibility, etc |
a Frontline production ; with Rain Media, Inc. ; producer, Marcela Gaviria ; co-producers, Brian Funck, Anjali Tsui & Sara Obeidat ; writers, Marcela Gaviria & Martin Smith. |
| 246 30 - VARYING FORM OF TITLE |
| Title proper/short title |
Children at the border. |
| 264 #1 - Production, Publication, Distribution, Manufacture, and Copyright Notice. |
| Place of production, publication, distribution, manufacture |
Arlington, VA : |
| Name of producer, publisher, distributor, manufacturer |
PBS, |
| Date of production, publication, distribution, manufacture, or copyr |
[2018] |
| 264 #4 - Production, Publication, Distribution, Manufacture, and Copyright Notice. |
| Date of production, publication, distribution, manufacture, or copyr |
©2018. |
| 300 ## - PHYSICAL DESCRIPTION |
| Extent |
1 videodisc (approximately 60 min.) : |
| Other physical details |
sound, color ; |
| Dimensions |
4 3/4 in. |
| 336 ## - Content Type |
| Content type term |
two-dimensional moving image |
| 337 ## - Media type |
| Media type term |
video |
| 338 ## - Carrier type |
| Carrier type term |
videodisc |
| 500 ## - GENERAL NOTE |
| General note |
Originally broadcast as an episode of the television program Frontline. |
| 508 ## - CREATION/PRODUCTION CREDITS NOTE |
| Creation/production credits note |
Executive producer fro Frontline, Raney Aronson-Rath. |
| 511 1# - PARTICIPANT OR PERFORMER NOTE |
| Participant or performer note |
Priyanka Boghani, Sarah Childress, Martin Smith. |
| 520 ## - SUMMARY, ETC. |
| Summary, etc |
Examines immigration policy under both the Trump and Obama administrations, investigates the origins of zero tolerance, and reveals the journeys and voices of children who were separated from their parents. |
| 521 8# - TARGET AUDIENCE NOTE |
| Target audience note |
TV rating: Not rated. |
| 538 ## - SYSTEM DETAILS NOTE |
| System details note |
DVD; NTSC, region 1; widescreen presentation; stereo. |
| 540 ## - TERMS GOVERNING USE AND REPRODUCTION NOTE |
| Terms governing use and reproduction |
This disc is copy-protected. |
| 546 ## - LANGUAGE NOTE |
| Language note |
In English; optional English subtitles for the deaf and hard of hearing (SDH). |
| 610 20 - SUBJECT ADDED ENTRY--CORPORATE NAME |
| Corporate name or jurisdiction name as entry element |
U.S. Border Patrol |
| Form subdivision |
Rules and practice. |
| 9 (RLIN) |
6376465 |
| 610 10 - SUBJECT ADDED ENTRY--CORPORATE NAME |
| Corporate name or jurisdiction name as entry element |
United States. |
| Subordinate unit |
Office of Refugee Resettlement |
| Form subdivision |
Rules and practice. |
| 9 (RLIN) |
6376466 |
| 650 #0 - SUBJECT ADDED ENTRY--TOPICAL TERM |
| Topical term or geographic name as entry element |
Immigrant children |
| General subdivision |
Legal status, laws, etc. |
| Geographic subdivision |
United States. |
| 9 (RLIN) |
6376467 |
| 650 #0 - SUBJECT ADDED ENTRY--TOPICAL TERM |
| Topical term or geographic name as entry element |
Illegal immigrants children |
| Geographic subdivision |
United States. |
| 9 (RLIN) |
6441132 |
| 650 #0 - SUBJECT ADDED ENTRY--TOPICAL TERM |
| Topical term or geographic name as entry element |
Immigrant detention centers |
| Geographic subdivision |
United States. |
| 9 (RLIN) |
6441170 |
| 650 #0 - SUBJECT ADDED ENTRY--TOPICAL TERM |
| Topical term or geographic name as entry element |
Immigrant families |
| General subdivision |
Government policy |
| Geographic subdivision |
United States. |
| 9 (RLIN) |
6376469 |
| 650 #0 - SUBJECT ADDED ENTRY--TOPICAL TERM |
| Topical term or geographic name as entry element |
Refugees |
| General subdivision |
Legal status, laws, etc. |
| Geographic subdivision |
United States. |
| 9 (RLIN) |
6376470 |
| 650 #0 - SUBJECT ADDED ENTRY--TOPICAL TERM |
| Topical term or geographic name as entry element |
Unaccompanied refugee children |
| Geographic subdivision |
Mexico. |
| 9 (RLIN) |
6376471 |
| 651 #0 - SUBJECT ADDED ENTRY--GEOGRAPHIC NAME |
| Geographic name |
United States |
| General subdivision |
Emigration and immigration |
| -- |
Government policy. |
| 9 (RLIN) |
100357 |
| 655 #7 - INDEX TERM--GENRE/FORM |
| Genre/form data or focus term |
Documentary films. |
| Source of term |
lcgft. |
| 9 (RLIN) |
6376472 |
| 655 #0 - INDEX TERM--GENRE/FORM |
| Genre/form data or focus term |
DVD-Video discs. |
| 9 (RLIN) |
6376473 |
| 655 #7 - INDEX TERM--GENRE/FORM |
| Genre/form data or focus term |
Video recordings for the hearing impaired. |
| Source of term |
lcgft. |
| 9 (RLIN) |
6376474 |
| 700 1# - ADDED ENTRY--PERSONAL NAME |
| Personal name |
Gaviria, Marcela. |
| 9 (RLIN) |
6376475 |
| 700 1# - ADDED ENTRY--PERSONAL NAME |
| Personal name |
Boghani, Priyanka. |
| 9 (RLIN) |
5987103 |
| 700 1# - ADDED ENTRY--PERSONAL NAME |
| Personal name |
Childress, Sarah. |
| 9 (RLIN) |
5987104 |
| 700 1# - ADDED ENTRY--PERSONAL NAME |
| Personal name |
Smith, Martin. |
| 9 (RLIN) |
5866949 |
| 710 2# - ADDED ENTRY--CORPORATE NAME |
| Corporate name or jurisdiction name as entry element |
Rain Media, Inc. |
| 9 (RLIN) |
6210977 |
| 710 2# - ADDED ENTRY--CORPORATE NAME |
| Corporate name or jurisdiction name as entry element |
Public Broadcasting Service (U.S.) |
| 9 (RLIN) |
27534 |
| 730 0# - ADDED ENTRY--UNIFORM TITLE |
| Uniform title |
Frontline (Television program) |
| 9 (RLIN) |
20309 |
| 907 ## - LOCAL DATA ELEMENT G, LDG (RLIN) |
| a |
.b39907904x |
| 942 ## - ADDED ENTRY ELEMENTS (KOHA) |
| Source of classification or shelving scheme |
Dewey Decimal Classification |
| Koha item type |
DVD |